Дело о дозволении иметь при клиниках университета сверхштатных ординаторов для денежного вознаграждения. Тут же об учреждении пр...

Доступно только в Электронных читальных залах Найти на картеНа карте
RUSMARC
00004348nmc2a22000003x 450
00151ac7698-c83f-4c42-8d4e-c8db5d008f18
00520180711110434.0
100##$a20160415l18701882k l0rusy0189 ca
1010#$arus
102##$aRU
2001#$aДело о дозволении иметь при клиниках университета сверхштатных ординаторов для денежного вознаграждения. Тут же об учреждении при университетах должностей ассистентов и сверхштатных лаборантов и помощников прозектора
$j2 декабря 1870 г. - 3 ноября 1882 г.
251##$cДело
300##$aДело
300##$aОриг. заголовок дела: Дело об учреждении при университетах должностей: ассистентов и сверхштатных лаборантов, и помощников прозектора. 2 декабря 1870 г. - 3 ноября 1882 г
801#0$aRU
$bРГИА
$c20160415
$gRCR
801#1$aRU
$bГлавНИВЦ
$c20160415
$2rusmarc
801#2$aRU
$bПБ им. Б.Н. Ельцина
$c20180711
$gRCR
$2rusmarc
850##$aРГИА
852##$aРГИА
$eФедеральное казенное учреждение "Российский государственный исторический архив" (РГИА)
$j906
937##$hРГИА
$d12196198
$aASBIBLIO_SCAN
462#0$100175ee99a9-5750-4f16-9283-bc673fb37de8
$12001
$aДела разряда высших учебных заведений Департамента народного просвещения за 1838-1872 гг.
$1251
$cОпись
$1852
$j147
461#0$1001a74412a3-3cc5-4d21-8f0a-dfe2fbd9e72d
$12001
$aДепартамент народного просвещения Министерства народного просвещения (1803-1917)
$1251
$cФонд
$1852
$j733
215##$a257 л.
$d36,5х26 см
371##$aДокумент не является опубликованным и широко распространяемым
5171#$aДело об учреждении при университетах должностей: ассистентов и сверхштатных лаборантов, и помощников прозектора. 2 декабря 1870 г. - 3 ноября 1882 г
105##$ay###
1222#$ad
035##$a51ac7698-c83f-4c42-8d4e-c8db5d008f18
856##$uhttp://readingroom.main.prlib.ru/item.aspx?id_node=n117097601&mode=full
Формат отображения